نظام الإسلام : (رقم التسجيلة. 2527)

تفاصيل مارك
000 -LEADER
fixed length control field 00564nam a22002057a 4500
005 - DATE AND TIME OF LATEST TRANSACTION
control field 20251108164045.0
008 - FIXED-LENGTH DATA ELEMENTS--GENERAL INFORMATION
fixed length control field 250721s1986 xx 000 0 ara d
082 14 - DEWEY DECIMAL CLASSIFICATION NUMBER
Classification number 216,8/عقل
100 1# - MAIN ENTRY--PERSONAL NAME
Personal name عقلة، محمد
245 10 - TITLE STATEMENT
Title نظام الإسلام :
Remainder of title العبادة و العقوبة /
264 1# - PRODUCTION, PUBLICATION, DISTRIBUTION, MANUFACTURE, AND COPYRIGHT NOTICE
Place of production, publication, distribution, manufacture عمان :
Name of producer, publisher, distributor, manufacturer المؤلف،
Date of production, publication, distribution, manufacture, or copyright notice 1986.
300 ## - PHYSICAL DESCRIPTION
Extent 286ص
490 0# - SERIES STATEMENT
Series statement نظام الإسلام ؛ 3
650 17 - SUBJECT ADDED ENTRY--TOPICAL TERM
Topical term or geographic name as entry element الإسلام
650 17 - SUBJECT ADDED ENTRY--TOPICAL TERM
Topical term or geographic name as entry element الفقه
650 17 - SUBJECT ADDED ENTRY--TOPICAL TERM
Topical term or geographic name as entry element العقوبات
650 17 - SUBJECT ADDED ENTRY--TOPICAL TERM
Topical term or geographic name as entry element العبادة
942 ## - ADDED ENTRY ELEMENTS (KOHA)
Source of classification or shelving scheme Dewey Decimal Classification
Koha item type كتب
المقتنيات
حالة السحب حالة الفقدان مصدر التصنيف حالة التلف غير قابل للإعارة المكتبة الرئيسية المكتبة الحالية موقع الرف تاريخ التزويد الرقم المتسلسل Total Checkouts رقم الإستدعاء تاريخ آخر ظهور تاريخ الفاتورة نوع المادة (كوها) الباركود
    Dewey Decimal Classification Unchecked   المكتبة المركزية المكتبة المركزية الإعارة 06/07/2004 188638   216,8/عقل 28/07/2025 06/07/2004 كتب  
    Dewey Decimal Classification     المكتبة المركزية المكتبة المركزية   28/07/2025 1759539   216,8/عقل 28/07/2025 28/07/2025 كتب  
    Dewey Decimal Classification     مكتبة الأميرة ايمان العامة مكتبة الأميرة ايمان العامة الإعارة 26/11/2013 [1205]   216,8/عقل 28/07/2025 26/11/2013 كتب PLD00288045
    Dewey Decimal Classification Unchecked   مكتبة الاميرة بديعة مكتبة الاميرة بديعة الإعارة 06/07/2004 4197   216,8/عقل 28/07/2025 06/07/2004 كتب  
    Dewey Decimal Classification Unchecked   مكتبة الجويدة مكتبة الجويدة الإعارة 06/07/2004 3829   216,8/عقل 28/07/2025 06/07/2004 كتب  
    Dewey Decimal Classification     مكتبة النصر العامة مكتبة النصر العامة الإعارة 12/10/2014 6133   216,8/عقل 28/07/2025 12/10/2014 كتب PLD00308344
    Dewey Decimal Classification Unchecked   مكتبة حمزة العامة مكتبة حمزة العامة الإعارة 06/07/2004 4646   216,8/عقل 28/07/2025 06/07/2004 كتب  
    Dewey Decimal Classification Unchecked   مكتبة وادي السير العامة مكتبة وادي السير العامة الإعارة 06/07/2004 4600   216,8/عقل 28/07/2025 06/07/2004 كتب  
Implemented & Customized by: BBB with SCIT (Smart Chains for Information Technology)

Powered by Koha